MARC

LEADER 00000nam0a2200000 4500
001 670327
005 20240411131217.0
010 |a 5-04-001703-0 
090 |a 670327 
100 |a 20240125d2001 m||y0rusy50 ca 
101 0 |a rus 
102 |a RU 
105 |a y z 000ay 
181 0 |a i   |b  e  
182 0 |a n 
183 0 |a nc  |2 RDAcarrier 
200 1 |a Мертвые души  |e поэма-роман  |f Н. В. Гоголь 
203 |a Текст  |b визуальный  |c непосредственный 
210 |a Москва  |c Эксмо-пресс  |d 2001 
215 |a 544 с. 
225 1 |a Русская классика 
283 |a volume  |2 RDAcarrier 
606 1 |a Русская литература, дореволюционная  |9 50314 
610 1 |a художественная литература 
610 1 |a классическая литература 
610 1 |a романы 
610 1 |a русская классика 
675 |a Р1  |v 4  |z rus 
700 1 |a Гоголь  |b Н. В.  |c русский писатель  |f 1809-1852  |g Николай Васильевич  |9 459 
801 0 |a RU  |b 63413507  |c 20240125 
942 |c BK